000 00575nam a2200193Ia 4500
005 20260114185853.0
008 008 260114s9999 xx 000 0 eng d
020 _a9781788318815
037 _aEBOOK
040 _aCRL
_beng
_cCRL
041 _aeng
_2eng
084 _qCRL
100 _aAyesha Khan
_9875422
245 4 _aThe Women's Movement in Pakistan Activism, Islam and Democracy
260 _bBloomsbury
_c2018
856 _uhttps://doi.org/10.5040/9781788318815?locatt=label:secondary_bloomsburyCollections
942 _cEBOOK
999 _c1474356
_d1474356